Sports Quiz

Random Sports or Baseball Quiz

MLB Hall of Famer by Letter Quiz Stats

 Plays Quiz Updated Jan 7, 2019

Challenge
Share
Tweet
Embed
Score 0/22 Timer 06:00
8 Plays Today
Letter Hall of Famer % Correct
RCal Ripken...
96.3%
AHank Aaron...
92.6%
MMickey Mantle...
92.4%
WHonus Wagner...
90.5%
BJohnny Bench...
89.1%
CRoy Campanella...
88.9%
JReggie Jackson...
88.9%
YCarl Yastrzemski...
88.4%
GLou Gehrig...
88.4%
STom Seaver...
87%
DAndre Dawson...
84.3%
Letter Hall of Famer % Correct
KSandy Koufax...
78.8%
FJimmie Foxx...
77.9%
HRickey Henderson...
69.3%
PSatchel Paige...
63.5%
TSam Thompson...
60.8%
EDennis Eckersley...
51.4%
LNap Lajoie...
50.9%
OMel Ott...
50%
NPhil Niekro...
36.4%
VDazzy Vance...
26.7%
IMonte Irvin
18.1%

You're not logged in!

Compare scores with friends on all Sporcle quizzes.
OR
Log In

You Might Also Like...

Show Comments

Extras

Top Quizzes Today


Score Distribution

Your Account Isn't Verified!

In order to create a playlist on Sporcle, you need to verify the email address you used during registration. Go to your Sporcle Settings to finish the process.

Report this User

Report this user for behavior that violates our Community Guidelines.

Details: